Normal view
MARC view
Entry Topical Term
001 - CONTROL NUMBER
- control field: 47031
003 - CONTROL NUMBER IDENTIFIER
- control field: ARRUPE
005 - DATE AND TIME OF LATEST TRANSACTION
- control field: 20190715112701.0
008 - FIXED-LENGTH DATA ELEMENTS
- fixed length control field: 190715|| aca||aabn | a|a d
040 ## - CATALOGING SOURCE
- Original cataloging agency: ARRUPE
- Transcribing agency: ARRUPE
150 ## - HEADING--TOPICAL TERM
- Topical term or geographic name as entry element: Industrial psychology
670 ## - SOURCE DATA FOUND
- Source citation: Work cat.: (ARRUPE)94205: Handbook of industrial and organisational psychology, 1976